|
|
|
|
| LEADER |
00554cam a2200145 7i4500 |
| 001 |
0000031765 |
| 005 |
20160114090000.0 |
| 020 |
0 |
0 |
|a 9789671201312
|
| 090 |
0 |
0 |
|a M 338.4768176109595
|b MED
|
| 245 |
0 |
0 |
|a Medical device industry outlook report 2014 :
|b achieving global excellence.
|
| 260 |
0 |
0 |
|a Kuala Lumpur:
|b Association of malaysian Medical Industries (AMMI),
|c 2014.
|
| 300 |
# |
# |
|a 26 pages.
|
| 650 |
0 |
0 |
|a Medical instruments and apparatus --
|z Malaysia
|
| 650 |
0 |
0 |
|a Pharmaceutical industry --
|z Malaysia
|
| 999 |
|
|
|a 0000034890
|b Book
|c Products
|e Business Information Centre
|